Aircraft Detection and Classification using Satellite Imagery (ADCSI) / (Record no. 603274)

000 -LEADER
fixed length control field 00765nam a22001817a 4500
003 - CONTROL NUMBER IDENTIFIER
control field NUST
040 ## - CATALOGING SOURCE
Original cataloging agency 0
082 ## - DEWEY DECIMAL CLASSIFICATION NUMBER
Classification number 621.382,AHM
100 ## - MAIN ENTRY--PERSONAL NAME
Personal name Ahmad, Muhammad
245 ## - TITLE STATEMENT
Title Aircraft Detection and Classification using Satellite Imagery (ADCSI) /
Statement of responsibility, etc. Muhammad Ahmad, Muhammad Safiullah, Umair Amin, Talha Tariq. (TCC-31 / BETE-56)
264 ## - PRODUCTION, PUBLICATION, DISTRIBUTION, MANUFACTURE, AND COPYRIGHT NOTICE
Place of production, publication, distribution, manufacture Rawalpindi
Name of producer, publisher, distributor, manufacturer MCS (NUST0
Date of production, publication, distribution, manufacture, or copyright notice 2023
300 ## - PHYSICAL DESCRIPTION
Extent 107 p.;
505 ## - FORMATTED CONTENTS NOTE
Formatted contents note Introduction (Page-1), Literature Review (Page-10), Datasets (Page-18), Training AI Models (Page-31), GUIs (Page-46), Conclusion (Page-66), Future Work (Page-670, References (Page-68).
650 ## - SUBJECT ADDED ENTRY--TOPICAL TERM
Topical term or geographic name entry element UG EE Project
690 ## - LOCAL SUBJECT ADDED ENTRY--TOPICAL TERM (OCLC, RLIN)
Topical term or geographic name as entry element TCC-31 / BETE-56
700 ## - ADDED ENTRY--PERSONAL NAME
Personal name Supervised by Dr. Hasnat Khurshid
942 ## - ADDED ENTRY ELEMENTS (KOHA)
Source of classification or shelving scheme
Koha item type Project Report
Holdings
Withdrawn status Permanent Location Current Location Shelving location Date acquired Full call number Barcode Koha item type
  Military College of Signals (MCS) Military College of Signals (MCS) Thesis 10/02/2023 621.382,AHM MCSPTC-433 Project Report
© 2023 Central Library, National University of Sciences and Technology. All Rights Reserved.